Library Banner

Kamyabi ke sonehree usool = کامیابی کے سنہرے اصول / (Record no. 114876)

MARC details
000 -LEADER
fixed length control field 00548nam a22001457a 4500
005 - DATE AND TIME OF LATEST TRANSACTION
control field 20191130110719.0
008 - FIXED-LENGTH DATA ELEMENTS--GENERAL INFORMATION
fixed length control field 191130b ||||| |||| 00| 0 eng d
040 ## - CATALOGING SOURCE
Transcribing agency PK-LaUMT
082 ## - DEWEY DECIMAL CLASSIFICATION NUMBER
Classification number 158.1
Item number CAN-K
100 ## - MAIN ENTRY--PERSONAL NAME
Personal name Canfield, Jack = کین فیلڈ، جیک
245 ## - TITLE STATEMENT
Title Kamyabi ke sonehree usool = کامیابی کے سنہرے اصول /
Statement of responsibility, etc by Jack Canfield; translated by Riaz Mahmood Anjum = از جیک کین فیلڈ؛ مترجم : ریاض محمود انجم
260 ## - PUBLICATION, DISTRIBUTION, ETC. (IMPRINT)
Place of publication, distribution, etc Lahore :
Name of publisher, distributor, etc Book Home,
Date of publication, distribution, etc 2018
300 ## - PHYSICAL DESCRIPTION
Extent 280 p.
942 ## - ADDED ENTRY ELEMENTS (KOHA)
Koha item type Books
Holdings
Withdrawn status Lost status Damaged status Home library Current library Date acquired Full call number Barcode Date last seen Price effective from Koha item type
      UMT Main Campus UMT Main Campus 2019-11-30 158.1 CAN-K 131258 2026-04-13 2019-11-30 Books